| 000 | 00990cab a2200217 4500 | ||
|---|---|---|---|
| 001 | ABS36817 | ||
| 008 | 090401t1986 xxu||||| |||| 00| 0 eng d | ||
| 035 | _a(Sirsi) u447 | ||
| 041 | _aeng | ||
| 100 | _aPowell-Smith, V. | ||
| 245 | 2 | _aA question of ownership | |
| 260 | _c1986 | ||
| 350 | _a0 | ||
| 490 |
_aContract Journal _v333(5578) 11 September 1986,16(1) |
||
| 520 | _aSauter Automation Ltd v H.C. Goodman (Mechanical Services) Ltd ChD 9 May 1986, was a dispute over boiler replacement work. In a retention of title clause under which risk in the goods would pass to Goodman on delivery, legal ownership remained with Sauter until payment was made in full. Sauter delivered, but did not receive payment; Goodman went into liquidation. Ownership of the equipment became the question before the High Court. | ||
| 650 | _aBUILT ENVIRONMENT-BUILDING CONTRACT FORMS | ||
| 650 | _aCLAIMS | ||
| 690 | _aBUILT ENVIRONMENT-BUILDING CONTRACT FORMS | ||
| 942 | _n0 | ||
| 948 | _c04/03/1997 | ||
| 999 |
_c188 _d188 |
||